Political Liberalism

Salvato in:
Dettagli Bibliografici
Autore principale: Rawls, John
Natura: Libro
Lingua:inglese
Pubblicazione: New York Columbia University Press 1993
Edizione:1. ed.
Serie:John Dewey Essays in Philosophy No. 4
Soggetti:
Tags: Aggiungi Tag
Nessun Tag, puoi essere il primo ad aggiungerne!!

MARC

LEADER 00000nam a2200000 4500
001 c019346
005 20221206074910.4
020 |a 0-231-05248-0 
041 0 |a eng 
044 |a US 
245 1 0 |a Political Liberalism  |c John Rawls 
250 |a 1. ed. 
264 1 |a New York  |b Columbia University Press  |c 1993 
300 |a 401 s. 
490 1 |a John Dewey Essays in Philosophy  |v No. 4 
830 0 |a John Dewey Essays in Philosophy  |v No. 4 
610 2 0 |a politika 
610 2 0 |a liberalizmus 
610 2 0 |a filozofia 
610 2 0 |a právo 
610 2 0 |a právo sociálne 
610 2 0 |a spoločnosť 
610 2 0 |a občania 
610 2 0 |a zastupiteľstvá obecné 
610 2 0 |a demokracia 
610 2 0 |a sloboda 
100 1 |a Rawls, John